Prakrit Patha (Record no. 11284)

MARC details
000 -LEADER
fixed length control field 00460nam a22001697a 4500
005 - DATE AND TIME OF LATEST TRANSACTION
control field 20260515114919.0
008 - FIXED-LENGTH DATA ELEMENTS--GENERAL INFORMATION
fixed length control field 220526b ||||| |||| 00| 0 eng d
040 ## - CATALOGING SOURCE
Original cataloging agency IN-DiNC
Transcribing agency IN-DiNC
082 ## - DEWEY DECIMAL CLASSIFICATION NUMBER
Classification number 491.3
100 ## - MAIN ENTRY--PERSONAL NAME
Personal name Goswami Keshbananda Dev
Relator term author
245 ## - TITLE STATEMENT
Title Prakrit Patha
Statement of responsibility, etc. by Keshbananda Dev Goswami
250 ## - EDITION STATEMENT
Edition statement 1st ed.
260 ## - PUBLICATION, DISTRIBUTION, ETC.
Place of publication, distribution, etc. Dibrugarh
Name of publisher, distributor, etc. Students emporiam
Date of publication, distribution, etc. 1991
300 ## - PHYSICAL DESCRIPTION
Extent 158p.
700 ## - ADDED ENTRY--PERSONAL NAME
Personal name Bhimkanta Baruah
Relator term author
942 ## - ADDED ENTRY ELEMENTS (KOHA)
Source of classification or shelving scheme Dewey Decimal Classification
Koha item type Books

No items available.